Lexikón vyššej matematiky : Vzorce. Z nemec.orig /
Saved in:
| Main Authors: | , |
|---|---|
| Format: | Book |
| Language: | Slovak |
| Published: |
Bratislava :
Alfa,
1992
|
| Series: | Edícia matematicko-fyzikálnej literatúry
|
| Tags: |
No Tags, Be the first to tag this record!
|
MARC
| LEADER | 00000nam a22000003a 4500 | ||
|---|---|---|---|
| 001 | stu18862 | ||
| 005 | 20150617225755.5 | ||
| 008 | 920514s1992----cs------------------slo-d | ||
| 020 | |a 80-05-00531-8 | ||
| 040 | |a STU |b slo | ||
| 041 | 0 | |a slo | |
| 044 | |a cs | ||
| 080 | |a 51 |7 stu_us_auth*stu8333 | ||
| 100 | 1 | |a Göhler, Wilhelm |4 aut | |
| 245 | 1 | |a Lexikón vyššej matematiky : |b Vzorce. Z nemec.orig / |c [aut.]Göhler,Wilhelm, Ralle,Barbara | |
| 260 | |a Bratislava : |b Alfa, |c 1992 | ||
| 300 | |a 166 s : |b Tab.,grafy,index | ||
| 700 | 1 | |a Ralle, Barbara |4 aut | |
| 830 | 0 | |a Edícia matematicko-fyzikálnej literatúry | |
| 996 | |b C89774 |c C*89774 |l CCXX |s P |a 0 |w stu18862_0001 | ||